<?xml version="1.0" encoding="UTF-8"?>
<record
    xmlns:xsi="http://www.w3.org/2001/XMLSchema-instance"
    xsi:schemaLocation="http://www.loc.gov/MARC21/slim http://www.loc.gov/standards/marcxml/schema/MARC21slim.xsd"
    xmlns="http://www.loc.gov/MARC21/slim">

  <leader>02059nam a22002897a 4500</leader>
  <controlfield tag="005">20110728145734.0</controlfield>
  <datafield tag="010" ind1=" " ind2=" ">
    <subfield code="a">B-435798-802</subfield>
  </datafield>
  <datafield tag="020" ind1=" " ind2=" ">
    <subfield code="a">8182637074</subfield>
    <subfield code="c">25.00</subfield>
  </datafield>
  <datafield tag="035" ind1=" " ind2=" ">
    <subfield code="a">B-435798-802</subfield>
  </datafield>
  <datafield tag="037" ind1=" " ind2=" ">
    <subfield code="b">&#x92C;&#x94D;&#x932;&#x94D;&#x92F;&#x942; &#x92C;&#x947;&#x930;&#x940; &#x92C;&#x941;&#x915;&#x94D;&#x938;</subfield>
  </datafield>
  <datafield tag="082" ind1=" " ind2=" ">
    <subfield code="a">&#x915;</subfield>
  </datafield>
  <datafield tag="100" ind1=" " ind2=" ">
    <subfield code="a">&#x932;&#x93E;&#x932;, &#x905;&#x928;&#x942;&#x92A;&#x93E;</subfield>
    <subfield code="9">30896</subfield>
  </datafield>
  <datafield tag="245" ind1=" " ind2=" ">
    <subfield code="a">&#x925;&#x94B;&#x921;&#x93C;&#x93E; &#x938;&#x93E; &#x914;&#x930; /</subfield>
    <subfield code="c">&#x905;&#x928;&#x942;&#x92A;&#x93E; &#x932;&#x93E;&#x932;; &#x905;&#x91C;&#x940;&#x924; &#x928;&#x93E;&#x930;&#x93E;&#x92F;&#x923; &#x926;&#x94D;&#x935;&#x93E;&#x930;&#x93E; &#x91A;&#x93F;&#x924;&#x94D;&#x930;&#x93E;&#x902;&#x915;&#x93F;&#x924;</subfield>
  </datafield>
  <datafield tag="246" ind1=" " ind2=" ">
    <subfield code="a">Thoda sa aur</subfield>
    <subfield code="b">by Anpa Lal</subfield>
  </datafield>
  <datafield tag="260" ind1=" " ind2=" ">
    <subfield code="a">&#x928;&#x908; &#x926;&#x93F;&#x932;&#x94D;&#x932;&#x940;</subfield>
    <subfield code="b">&#x92A;&#x94D;&#x930;&#x925;&#x92E; &#x92C;&#x941;&#x915;&#x94D;&#x938;</subfield>
    <subfield code="c">2010</subfield>
  </datafield>
  <datafield tag="270" ind1=" " ind2=" ">
    <subfield code="a">633-634, 4th "C" Main, 6th 'B' Cross, OMBR Layout, Banaswadi,</subfield>
    <subfield code="b">Bangalore</subfield>
    <subfield code="e">560043</subfield>
    <subfield code="k">+91 11 41042483</subfield>
  </datafield>
  <datafield tag="300" ind1="2" ind2=" ">
    <subfield code="a">16&#x92A;&#x943;.</subfield>
    <subfield code="b">&#x938;&#x91A;&#x93F;&#x924;&#x94D;&#x930;</subfield>
    <subfield code="c">27&#x938;&#x947;&#x92E;&#x940; (&#x905;&#x91C;&#x93F;&#x932;&#x94D;&#x926;)</subfield>
  </datafield>
  <datafield tag="700" ind1=" " ind2=" ">
    <subfield code="9">28835</subfield>
    <subfield code="a">&#x905;&#x91C;&#x940;&#x924; &#x928;&#x93E;&#x930;&#x93E;&#x92F;&#x923; </subfield>
  </datafield>
  <datafield tag="700" ind1=" " ind2=" ">
    <subfield code="9">28836</subfield>
  </datafield>
  <datafield tag="942" ind1=" " ind2=" ">
    <subfield code="2">ddc</subfield>
    <subfield code="c">CH</subfield>
    <subfield code="h">&#x915;</subfield>
    <subfield code="m">&#x932;&#x93E;&#x932;&#x905;</subfield>
  </datafield>
  <datafield tag="999" ind1=" " ind2=" ">
    <subfield code="c">54529</subfield>
    <subfield code="d">54529</subfield>
  </datafield>
  <datafield tag="952" ind1=" " ind2=" ">
    <subfield code="0">0</subfield>
    <subfield code="1">0</subfield>
    <subfield code="4">0</subfield>
    <subfield code="7">0</subfield>
    <subfield code="8">FIC</subfield>
    <subfield code="a">L</subfield>
    <subfield code="b">L</subfield>
    <subfield code="d">2011-08-02</subfield>
    <subfield code="e">&#x92C;&#x94D;&#x932;&#x94D;&#x92F;&#x942; &#x92C;&#x947;&#x930;&#x940;/6364/25.3.2011/83/21.3.11/31.3.11</subfield>
    <subfield code="g">25.00</subfield>
    <subfield code="l">2</subfield>
    <subfield code="o">&#x915; &#x932;&#x93E;&#x932;&#x905;</subfield>
    <subfield code="p">B-435798</subfield>
    <subfield code="r">2023-07-03 00:00:00</subfield>
    <subfield code="s">2023-06-19</subfield>
    <subfield code="t">1</subfield>
    <subfield code="v">25.00</subfield>
    <subfield code="w">2011-08-02</subfield>
    <subfield code="y">CH</subfield>
  </datafield>
  <datafield tag="952" ind1=" " ind2=" ">
    <subfield code="0">0</subfield>
    <subfield code="1">0</subfield>
    <subfield code="4">0</subfield>
    <subfield code="7">0</subfield>
    <subfield code="8">FIC</subfield>
    <subfield code="a">BL1</subfield>
    <subfield code="b">BL1</subfield>
    <subfield code="d">2011-08-02</subfield>
    <subfield code="e">&#x92C;&#x94D;&#x932;&#x94D;&#x92F;&#x942; &#x92C;&#x947;&#x930;&#x940;/6364/25.3.2011/83/21.3.11/31.3.11</subfield>
    <subfield code="g">25.00</subfield>
    <subfield code="l">1</subfield>
    <subfield code="m">1</subfield>
    <subfield code="o">&#x915; &#x932;&#x93E;&#x932;&#x905;</subfield>
    <subfield code="p">B-435799</subfield>
    <subfield code="r">2019-01-01 00:00:00</subfield>
    <subfield code="s">2018-12-20</subfield>
    <subfield code="t">1</subfield>
    <subfield code="v">25.00</subfield>
    <subfield code="w">2011-08-02</subfield>
    <subfield code="y">CH</subfield>
  </datafield>
  <datafield tag="952" ind1=" " ind2=" ">
    <subfield code="0">1</subfield>
    <subfield code="1">0</subfield>
    <subfield code="4">0</subfield>
    <subfield code="7">0</subfield>
    <subfield code="8">FIC</subfield>
    <subfield code="a">ZLS</subfield>
    <subfield code="b">ZLS</subfield>
    <subfield code="d">2011-08-02</subfield>
    <subfield code="e">&#x92C;&#x94D;&#x932;&#x94D;&#x92F;&#x942; &#x92C;&#x947;&#x930;&#x940;/6364/25.3.2011/83/21.3.11/31.3.11</subfield>
    <subfield code="g">25.00</subfield>
    <subfield code="l">0</subfield>
    <subfield code="o">&#x915; &#x932;&#x93E;&#x932;&#x905;</subfield>
    <subfield code="p">B-435800</subfield>
    <subfield code="r">2011-08-02 00:00:00</subfield>
    <subfield code="t">1</subfield>
    <subfield code="v">25.00</subfield>
    <subfield code="y">CH</subfield>
  </datafield>
  <datafield tag="952" ind1=" " ind2=" ">
    <subfield code="0">4</subfield>
    <subfield code="1">0</subfield>
    <subfield code="4">0</subfield>
    <subfield code="7">0</subfield>
    <subfield code="8">FIC</subfield>
    <subfield code="a">BL3</subfield>
    <subfield code="b">BL3</subfield>
    <subfield code="d">2011-08-02</subfield>
    <subfield code="e">&#x92C;&#x94D;&#x932;&#x94D;&#x92F;&#x942; &#x92C;&#x947;&#x930;&#x940;/6364/25.3.2011/83/21.3.11/31.3.11</subfield>
    <subfield code="g">25.00</subfield>
    <subfield code="l">0</subfield>
    <subfield code="o">&#x915; &#x932;&#x93E;&#x932;&#x905;</subfield>
    <subfield code="p">B-435801</subfield>
    <subfield code="r">2011-08-02 00:00:00</subfield>
    <subfield code="t">1</subfield>
    <subfield code="v">25.00</subfield>
    <subfield code="w">2011-08-02</subfield>
    <subfield code="y">CH</subfield>
    <subfield code="z">Written off on approval by DLB (By Circulation); dtd 15-06-2023</subfield>
  </datafield>
  <datafield tag="952" ind1=" " ind2=" ">
    <subfield code="0">0</subfield>
    <subfield code="1">0</subfield>
    <subfield code="4">0</subfield>
    <subfield code="7">0</subfield>
    <subfield code="8">FIC</subfield>
    <subfield code="a">BL4</subfield>
    <subfield code="b">BL4</subfield>
    <subfield code="d">2011-08-02</subfield>
    <subfield code="e">&#x92C;&#x94D;&#x932;&#x94D;&#x92F;&#x942; &#x92C;&#x947;&#x930;&#x940;/6364/25.3.2011/83/21.3.11/31.3.11</subfield>
    <subfield code="g">25.00</subfield>
    <subfield code="l">0</subfield>
    <subfield code="o">&#x915; &#x932;&#x93E;&#x932;&#x905;</subfield>
    <subfield code="p">B-435802</subfield>
    <subfield code="r">2011-08-02 00:00:00</subfield>
    <subfield code="t">1</subfield>
    <subfield code="v">25.00</subfield>
    <subfield code="y">CH</subfield>
  </datafield>
</record>
